000 00641nam a2200181Ia 4500
008 151018s9999 xx 000 0 und d
082 _bRBASDV40787
_a340
100 _aअभया शेलकर
245 _aशासन निर्णय व परीपत्रके
250 _b2
260 _bनाशिक लॉ हाऊस
_c2005
300 _a1384
600 _aअभया शेलकर
630 _aशासन निर्णय व परीपत्रके
700 _aअभया शेलकर
730 _aशासन निर्णय व परीपत्रके
942 _cBOOK
999 _c1040061
_d1040058